| 000 | 00661nam a2200145 a 4500 | ||
|---|---|---|---|
| 008 | 120416s0000 ||||||||||||||||| || u | ||
| 020 | _a0387817190 | ||
| 050 | _aTL 243 Dyn | ||
| 100 | _aSchiehlen, W. O | ||
| 245 | 1 | 0 |
_aDynamics of high-speed vehicles _cedited by W.O. Schiehlen |
| 260 |
_aNew York _bSpringer-Verlag _c1982 |
||
| 350 | _a0.00 | ||
| 995 |
_aMAIN LIBRARY OPEN ACCESS _D0.00 _e728557 _FCBU-MAIN LIBRARY (Kitwe) _H1 _I46.00 _jTL 243 Dyn _M1 _UAVAILABLE _y021131 _ZMain Library Open Access Collection |
||
| 995 |
_aMAIN LIBRARY OPEN ACCESS _D0.00 _e728558 _FCBU-MAIN LIBRARY (Kitwe) _H2 _I46.00 _jTL 243 Dyn _M2 _UAVAILABLE _y021130 _ZMain Library Open Access Collection |
||
| 999 |
_c75665 _d75665 |
||